Fr. Conceicao Rodrigues College of Engineering

Instructors Guide Fitter 1st Year (Record no. 31335)

MARC details
000 -LEADER
fixed length control field 00308nam a2200145Ia 4500
100 ## - MAIN ENTRY--PERSONAL NAME
Personal name D.G.E.T
245 ## - TITLE STATEMENT
Title Instructors Guide Fitter 1st Year
260 ## - PUBLICATION, DISTRIBUTION, ETC.
Name of publisher, distributor, etc. CIMI
Place of publication, distribution, etc. Madras
300 ## - PHYSICAL DESCRIPTION
Extent 110
546 ## - LANGUAGE NOTE
Language note ENGLISH
650 ## - SUBJECT ADDED ENTRY--TOPICAL TERM
Topical term or geographic name entry element Carpentery
654 ## - SUBJECT ADDED ENTRY--FACETED TOPICAL TERMS
Focus term guide fitter 1st year
942 ## - ADDED ENTRY ELEMENTS (KOHA)
Koha item type BOOK
Holdings
Withdrawn status Lost status Damaged status Not for loan Collection Home library Current library Date acquired Total Checkouts Full call number Barcode Date last seen Price effective from Koha item type
        ITI Fr. Agnel's C.Rodrigues College of Engineering Fr. Agnel's C.Rodrigues College of Engineering 17/03/2023   ITI87 17/03/2023 17/03/2023 BOOK